[Event "Calvia Amateur op 12th"]
[Site "Calvia"]
[Date "2015.10.17"]
[Round "8"]
[White "Boix Pons, Catalina"]
[Black "Neagos, Raul Alexandru"]
[Result "0-1"]
[WhiteElo "1813"]
[BlackElo "2048"]
[PlyCount "62"]
[EventDate "2015.10.10"]
[EventType "swiss"]
[EventRounds "9"]
[EventCountry "ESP"]
[SourceTitle "EXT 2019"]
[Source "ChessBase"]
[SourceDate "2018.10.10"]
[SourceVersion "1"]
[SourceVersionDate "2018.10.10"]
[SourceQuality "1"]

1. d4 c5 2. d5 e5 3. dxe6 fxe6 4. e4 Nc6 5. Nf3 d5 6. c3 Be7 7. Bb5 Nf6 8. e5 Ne4 9. Nbd2 Nxd2 10. Bxd2 Bd7 11. Bd3 Qc7 12. Qe2 0-0-0 13. 0-0-0 Be8 14. h3 h6 15. g4 Rf8 16. Rhe1 c4 17. Bc2 b5 18. a3 a5 19. Nd4 Nxd4 20. cxd4 b4 21. axb4 axb4 22. Rg1 Qa5 23. Be3 Bb5 24. Bb1 c3 25. Qc2 Kb8 26. Rde1 cxb2+ 27. Qxb2 Rc8+ 28. Kd1 Ka7 29. Rg3 b3 30. Bd2 Rxf2 31. Bd3 Qa2 0-1

[Event "EU-ch 12th"]
[Site "Aix les Bains"]
[Date "2011.03.30"]
[Round "8"]
[White "Neagos, Raul Alexandru"]
[Black "Oblin, Pierre"]
[Result "1-0"]
[WhiteElo "2074"]
[BlackElo "1856"]
[PlyCount "38"]
[EventDate "2011.03.22"]
[EventType "swiss"]
[EventRounds "11"]
[EventCountry "FRA"]
[SourceTitle "CBM 142 Extra"]
[Source "ChessBase"]
[SourceDate "2011.06.27"]
[SourceVersion "1"]
[SourceVersionDate "2011.06.27"]
[SourceQuality "1"]

1. Nf3 Nf6 2. g3 c5 3. Bg2 g6 4. 0-0 Bg7 5. d3 Nc6 6. e4 d6 7. Re1 e5 8. c3 0-0 9. d4 Qc7 10. a4 Bg4 11. d5 Ne7 12. h3 Bd7 13. Na3 h6 14. Nb5 Qb8 15. b4 a6 16. Na3 b5 17. bxc5 dxc5 18. Rb1 Ne8 19. Be3 Nd6 1-0

[Event "EU-ch 11th"]
[Site "Rijeka"]
[Date "2010.03.15"]
[Round "9"]
[White "Nakas, Spyridon"]
[Black "Neagos, Raul Alexandru"]
[Result "1/2-1/2"]
[WhiteElo "1934"]
[BlackElo "2100"]
[PlyCount "94"]
[EventDate "2010.03.06"]
[EventType "swiss"]
[EventRounds "11"]
[EventCountry "CRO"]
[SourceTitle "CBM 136"]
[Source "ChessBase"]
[SourceDate "2010.05.18"]
[SourceVersion "1"]
[SourceVersionDate "2010.05.18"]
[SourceQuality "1"]

1. e4 d5 2. exd5 Qxd5 3. Nf3 Nf6 4. d4 Bg4 5. Be2 g6 6. c4 Qd8 7. Nc3 Bg7 8. Be3 0-0 9. 0-0 c6 10. h3 Bxf3 11. Bxf3 Nbd7 12. Qb3 Qc7 13. Rfd1 Rfe8 14. Rac1 e5 15. d5 e4 16. d6 Qa5 17. Be2 c5 18. Nb5 Rac8 19. Nc7 Rf8 20. Qc2 Kh8 21. Bf4 h6 22. h4 h5 23. f3 e3 24. Rd3 Ne8 25. Ra3 Qd2 26. Rd3 Qa5 27. Nb5 Qxa2 28. Rb1 Qa5 29. Ra3 Qd8 30. Bg5 Bf6 31. f4 a6 32. Nc7 Nxc7 33. dxc7 Rxc7 34. Rxe3 Re8 35. Rd3 Qe7 36. Bf3 Bxg5 37. hxg5 Nf8 38. Bd5 Ne6 39. Re1 Qf8 40. Rde3 Rce7 41. Bxe6 Rxe6 42. Rxe6 Rxe6 43. Rxe6 fxe6 44. Qxg6 Qxf4 45. Qh6+ Kg8 46. Qg6+ Kf8 47. Qxe6 Qd4+ 1/2-1/2

[Event "EU-ch 11th"]
[Site "Rijeka"]
[Date "2010.03.12"]
[Round "7"]
[White "Boehnisch, Manfred"]
[Black "Neagos, Raul Alexandru"]
[Result "1-0"]
[WhiteElo "2316"]
[BlackElo "2100"]
[PlyCount "65"]
[EventDate "2010.03.06"]
[EventType "swiss"]
[EventRounds "11"]
[EventCountry "CRO"]
[SourceTitle "CBM 136"]
[Source "ChessBase"]
[SourceDate "2010.05.18"]
[SourceVersion "1"]
[SourceVersionDate "2010.05.18"]
[SourceQuality "1"]

1. e4 c5 2. Nf3 d6 3. c3 Nf6 4. Bd3 b6 5. 0-0 Bb7 6. Re1 Nbd7 7. Bc2 Qc7 8. d4 e5 9. a4 Be7 10. Na3 a6 11. Bg5 0-0 12. Nh4 Nd5 13. Bc1 Bxh4 14. exd5 Bf6 15. dxe5 dxe5 16. Nc4 b5 17. Ne3 g6 18. Be4 Qd6 19. c4 Bg7 20. axb5 axb5 21. Rxa8 Rxa8 22. b3 f5 23. Bxf5 gxf5 24. Nxf5 Qf8 25. Nxg7 Qxg7 26. Bb2 Rf8 27. Re4 Rf5 28. f4 Nf6 29. Bxe5 Qg4 30. Re2 Qh5 31. h3 Kg7 32. Bxf6+ Rxf6 33. Re7+ 1-0

[Event "EU-ch 11th"]
[Site "Rijeka"]
[Date "2010.03.10"]
[Round "5"]
[White "Neagos, Raul Alexandru"]
[Black "Sale, Srdjan"]
[Result "0-1"]
[WhiteElo "2100"]
[BlackElo "2396"]
[PlyCount "57"]
[EventDate "2010.03.06"]
[EventType "swiss"]
[EventRounds "11"]
[EventCountry "CRO"]
[SourceTitle "CBM 136"]
[Source "ChessBase"]
[SourceDate "2010.05.18"]
[SourceVersion "1"]
[SourceVersionDate "2010.05.18"]
[SourceQuality "1"]

1. e4 Nf6 2. e5 Nd5 3. Nc3 Nxc3 4. bxc3 d6 5. f4 Bf5 6. Nf3 e6 7. d4 Nd7 8. Bd3 Bg6 9. 0-0 Be7 10. Qe2 0-0 11. Kh1 c5 12. a4 Nb6 13. Bxg6 hxg6 14. dxc5 dxc5 15. c4 Qc7 16. a5 Nd7 17. Ra3 Rad8 18. Bd2 Nb8 19. Rb1 Nc6 20. Rab3 Rb8 21. a6 bxa6 22. Qe4 Rb6 23. Rxb6 axb6 24. h4 Rb8 25. h5 gxh5 26. Ng5 Bxg5 27. fxg5 Ne7 28. g4 hxg4 29. Ra1 0-1

[Event "EU-ch 11th"]
[Site "Rijeka"]
[Date "2010.03.09"]
[Round "4"]
[White "Lanzani, Mario"]
[Black "Neagos, Raul Alexandru"]
[Result "1/2-1/2"]
[WhiteElo "2371"]
[BlackElo "2100"]
[PlyCount "68"]
[EventDate "2010.03.06"]
[EventType "swiss"]
[EventRounds "11"]
[EventCountry "CRO"]
[SourceTitle "CBM 136"]
[Source "ChessBase"]
[SourceDate "2010.05.18"]
[SourceVersion "1"]
[SourceVersionDate "2010.05.18"]
[SourceQuality "1"]

1. Nf3 d5 2. g3 g6 3. Bg2 Bg7 4. d4 Nf6 5. 0-0 0-0 6. c4 dxc4 7. Na3 c3 8. bxc3 c5 9. Ne5 Nc6 10. Nxc6 bxc6 11. Bxc6 Bh3 12. Re1 Rc8 13. Bf3 Qa5 14. Bb2 cxd4 15. cxd4 Bg4 16. Bxg4 Nxg4 17. Qd3 Rb8 18. Nc4 Qh5 19. h4 Rfd8 20. Bc3 Rbc8 21. Ne3 Rxc3 22. Qxc3 Bxd4 23. Qc7 Bb6 24. Qxe7 Nxe3 25. fxe3 Qg4 26. Qe5 Qa4 27. Rf1 Re8 28. Qf6 Bxe3+ 29. Kh2 Qc4 30. Qf3 Bd2 31. Rf2 Be3 32. Rg2 Bb6 33. Qb3 Qc7 34. Rf1 Re4 1/2-1/2

[Event "EU-ch 11th"]
[Site "Rijeka"]
[Date "2010.03.07"]
[Round "2"]
[White "Neagos, Raul Alexandru"]
[Black "Loncar, Robert"]
[Result "1-0"]
[WhiteElo "2100"]
[BlackElo "2424"]
[PlyCount "79"]
[EventDate "2010.03.06"]
[EventType "swiss"]
[EventRounds "11"]
[EventCountry "CRO"]
[SourceTitle "CBM 136"]
[Source "ChessBase"]
[SourceDate "2010.05.18"]
[SourceVersion "1"]
[SourceVersionDate "2010.05.18"]
[SourceQuality "1"]

1. e4 e5 2. Nf3 Nc6 3. Nc3 Bb4 4. Bb5 Nge7 5. a3 Bxc3 6. dxc3 d6 7. Bc4 h6 8. h3 Be6 9. Bxe6 fxe6 10. h4 Qd7 11. h5 0-0-0 12. Qe2 Ng8 13. Nh4 Nf6 14. Ng6 Rhe8 15. f3 Nxh5 16. Nxe5 Nxe5 17. Rxh5 Qf7 18. Rh1 d5 19. Be3 dxe4 20. fxe4 Nc6 21. Qc4 Qf6 22. Rd1 Rxd1+ 23. Kxd1 Qg6 24. Rg1 Qg3 25. Qe2 Qe5 26. Qg4 Rf8 27. Kc1 h5 28. Qh4 b6 29. Rd1 g6 30. g3 Rf3 31. Bf4 Qxe4 32. Qh1 Qe2 33. Re1 Qf2 34. Rxe6 Kb7 35. Rxg6 h4 36. Rg7 h3 37. Rxc7+ Ka6 38. Rxc6 h2 39. Re6 Qf1+ 40. Re1 1-0

[Event "Alicante op 2nd"]
[Site "Alicante"]
[Date "2010.01.03"]
[Round "7"]
[White "Jordan Martinez, Miguel"]
[Black "Neagos, Raul Alexandru"]
[Result "1-0"]
[WhiteElo "2077"]
[BlackElo "2095"]
[PlyCount "79"]
[EventDate "2009.12.27"]
[EventType "swiss"]
[EventRounds "9"]
[EventCountry "ESP"]
[SourceTitle "CBM 134 Extra"]
[Source "ChessBase"]
[SourceDate "2010.03.03"]
[SourceVersion "1"]
[SourceVersionDate "2010.03.03"]
[SourceQuality "1"]

1. e4 e5 2. Nf3 Nc6 3. Bc4 Bc5 4. c3 Nf6 5. d4 exd4 6. 0-0 Nxe4 7. cxd4 d5 8. dxc5 dxc4 9. Qe2 Qd3 10. Re1 Qxe2 11. Rxe2 f5 12. Nc3 0-0 13. Nxe4 fxe4 14. Rxe4 c3 15. bxc3 Bf5 16. Re1 Rad8 17. Be3 Rd3 18. Rac1 Be6 19. Nd4 Bxa2 20. Nxc6 bxc6 21. Ra1 Bd5 22. Bd4 Rf4 23. h3 Re4 24. Rxe4 Bxe4 25. Rxa7 Kf7 26. Rxc7+ Ke6 27. Rxg7 Kd5 28. Kh2 Rd1 29. Re7 Bc2 30. g4 Rf1 31. Kg2 Rb1 32. Re5+ Kc4 33. h4 Rb7 34. Kg3 Bd1 35. Re1 Bc2 36. f4 h5 37. gxh5 Rh7 38. Kg4 Rf7 39. h6 Bf5+ 40. Kg5 1-0

[Event "Alicante op 2nd"]
[Site "Alicante"]
[Date "2010.01.02"]
[Round "6"]
[White "Neagos, Raul Alexandru"]
[Black "Campos Gambuti, Luis Maria"]
[Result "1/2-1/2"]
[WhiteElo "2095"]
[BlackElo "2438"]
[PlyCount "44"]
[EventDate "2009.12.27"]
[EventType "swiss"]
[EventRounds "9"]
[EventCountry "ESP"]
[SourceTitle "CBM 134 Extra"]
[Source "ChessBase"]
[SourceDate "2010.03.03"]
[SourceVersion "1"]
[SourceVersionDate "2010.03.03"]
[SourceQuality "1"]

1. Nf3 b5 2. e4 Bb7 3. Bxb5 Bxe4 4. 0-0 Nf6 5. d4 e6 6. c4 Be7 7. Nc3 Bb7 8. a3 0-0 9. Re1 d6 10. Ba4 a5 11. Rb1 Ba6 12. Bb5 Bb7 13. Ba4 c5 14. d5 e5 15. b4 axb4 16. axb4 cxb4 17. Rxb4 Bc8 18. Be3 Bg4 19. Qb3 Bh5 20. Rb7 Nbd7 21. Bc6 Ra6 22. Bb5 Ra5 1/2-1/2

[Event "Alicante op 2nd"]
[Site "Alicante"]
[Date "2009.12.31"]
[Round "5"]
[White "Grigoriev, Ivan"]
[Black "Neagos, Raul Alexandru"]
[Result "1-0"]
[WhiteElo "2191"]
[BlackElo "2095"]
[PlyCount "65"]
[EventDate "2009.12.27"]
[EventType "swiss"]
[EventRounds "9"]
[EventCountry "ESP"]
[SourceTitle "CBM 134 Extra"]
[Source "ChessBase"]
[SourceDate "2010.03.03"]
[SourceVersion "1"]
[SourceVersionDate "2010.03.03"]
[SourceQuality "1"]

1. g3 d5 2. Nf3 Nf6 3. c4 e6 4. Bg2 c6 5. 0-0 Nbd7 6. d3 Be7 7. Nbd2 dxc4 8. Nxc4 0-0 9. a3 b5 10. Nce5 Bb7 11. Bg5 c5 12. Nxd7 Nxd7 13. Bxe7 Qxe7 14. Qb3 a6 15. a4 Bd5 16. Qc3 b4 17. Qc2 Bxf3 18. Bxf3 Ra7 19. Rfd1 f5 20. d4 f4 21. Qc4 fxg3 22. fxg3 Rf5 23. Bg4 Nb6 24. Qc2 Rg5 25. dxc5 Rxc5 26. Bxe6+ Kf8 27. Rd8+ Qxd8 28. Qxc5+ Ke8 29. a5 Re7 30. Qxb6 Qxb6+ 31. axb6 Rxe6 32. Rxa6 Kd7 33. b7 1-0

[Event "Lienz op 15th"]
[Site "Lienz"]
[Date "2009.02.08"]
[Round "2"]
[White "Neagos, Raul Alexandru"]
[Black "Lukman, Ronny"]
[Result "1/2-1/2"]
[WhiteElo "2027"]
[BlackElo "2248"]
[PlyCount "55"]
[EventDate "2009.02.07"]
[EventType "swiss"]
[EventRounds "9"]
[EventCountry "AUT"]
[SourceTitle "CBM 128 Extra"]
[Source "ChessBase"]
[SourceDate "2009.03.05"]
[SourceVersion "2"]
[SourceVersionDate "2009.03.25"]
[SourceQuality "1"]

1. Nf3 Nf6 2. c4 c5 3. Nc3 Nc6 4. a3 d5 5. cxd5 Nxd5 6. e4 Nc7 7. b4 e6 8. b5 Nd4 9. Bc4 Be7 10. 0-0 Bf6 11. Nxd4 Bxd4 12. Rb1 0-0 13. Ne2 e5 14. Nxd4 Qxd4 15. d3 Be6 16. Be3 Qd6 17. Qh5 Bxc4 18. dxc4 Ne6 19. Rbd1 Nd4 20. f4 f6 21. Kh1 Qe6 22. Bxd4 cxd4 23. Rc1 a6 24. a4 axb5 25. axb5 Rfd8 26. fxe5 Qxe5 27. Qxe5 fxe5 28. Kg1 1/2-1/2